1865 1849 1523 1760 1457 1542 1620 1602 1171 1399 1667 1895 1837 1468 1537 1675 1236 1598 1091 1219 1538 1770 1394 1306 1212 1945 1392 1560 1567 1305 1357 1505 1504 1354 1460 1145 1335 1155 1286 1295 1166 1376 1077 1789 1964 1748 1073 1915 1356 1174 1843 1814 1234 1907 1430 1017 1440 1155 1330 1162 1037 1615 1164 1690 1799 1337 1183 1818 1119 1938 1926 1145 1349 1885 1245 1974 1959 1394 1117 1643 1948 1557 1130 1548 1099 1799 1441 1391 1246 1470 1322 1774 1031 1403 1251 1065 1025 1329 1998 BCNSPRNW ULIB Ver.6.0+V

เปลี่ยนเป็นภาษาไทย

Change to English
 แสดงรายละเอียดบรรณานุกรม
  กลับหน้าหลัก

Brief Record : Get Marc (ISO 2709) : E-mail record : QR code < ปิดหน้าต่าง
LEADER : 00000nam 2200000uu 4500
001    13399125590
003     ULIB
008    020711s2559 th a 000 0 tha d
020    9786163202437
060    WB327^bร14
110    คุ้มคำ สำนักพิมพ์
245    รู้เคียงหมอ/^cคุ้มคำ สำนักพิมพ์
260    กรุงเทพฯ :^bคุ้มคำ สำนักพิมพ์,^c2559
300    237 หน้า;^b21 ซม.
650    โรค^xป้องกัน
945    ^p190^l0^i002522
รายการนี้ยังไม่มีแท็ก
คุณยังไม่ได้ล็อกอิน คุณสามารถมีกิจกรรมร่วมกับเว็บไซต์ได้ แต่ต้องล็อกอินก่อน ::
  ล็อกอิน

รายการสื่อสารสนเทศ

ลำดับที่ ประเภท เลขเรียก/บาร์โค้ด สถานที่ สถานะ
1. วิทยาศาสตร์การแพทย์ และสุขภาพ
วิทยาศาสตร์การแพทย์ และสุขภาพ
สถานะ=หนังสือเก่า
WB327 ร14 ฉ.1 
  Barcode: 002522
ห้องสมุดวิทยาเขตสวรรค์ประชารักษ์
►ส่วนจัดเก็บหนังสือเก่า สปร
บนชั้น
  ขอยืม

BibComment


ยังไม่เคยถูกคอมเมนท์

คอมเมนท์ทรัพยากรรายการนี้
  คอมเมนท์: รู้เคียงหมอ คุ้มค..


 Copyright 2026. Bcnsprnw @Library